| 000 | 00980cab a2200277 4500 | ||
|---|---|---|---|
| 001 | WB3408-18 | ||
| 008 | 090401t1998 xxu||||| |||| 00| 0 eng d | ||
| 035 | _a(Sirsi) u84569 | ||
| 041 | _aeng | ||
| 245 | _aFreedom to roam | ||
| 260 | _c1998 | ||
| 350 | _a0 | ||
| 490 |
_aDaily Telegraph _v26 February 1998, 8 |
||
| 490 |
_aTimes _v26 February 1998 |
||
| 490 |
_aDETR News Release _v129a/ENV 25 February 1998 |
||
| 490 |
_aCountryside Commission News Release _v25 February 1998 (13) |
||
| 520 | _aThe Government has published its consultation paper "Access to the Countryside" outlining proposals for allowing access to approximately 4m acres of private land | ||
| 650 | _aACCESS TO COUNTRYSIDE | ||
| 650 | _aPROPERTY-RURAL AND NATURAL ASSETS-AGRICULTURAL PROPERTY-AGRICULTURAL LAND-ARABLE LAND | ||
| 650 | _aCOMMON LAND | ||
| 650 | _aRAMBLERS | ||
| 650 | _aRIGHT TO ROAM | ||
| 690 | _aHIGHWAYS RIGHTS OF WAY AND EASEMENTS | ||
| 942 | _n0 | ||
| 948 | _c27/02/1998 | ||
| 999 |
_c53155 _d53155 |
||